Sports Quiz

Random Sports or Basketball Quiz

2016 March Madness 25+ Scorers Quiz Stats

 Plays Quiz not verified by Sporcle

Challenge
Share
Tweet
Embed
Score 0/25 Timer 08:00
0 Plays Today
% Correct
Iowa State
89.5%
North Carolina
89.5%
Oklahoma
88.2%
Duke
88.2%
Duke
88.2%
Indiana
88.2%
Kansas
86.8%
Providence
84.2%
Kentucky
84.2%
Baylor
78.9%
Notre Dame
78.9%
Yale
77.6%
S.F Austin
76.3%
% Correct
Miami Florida
76.3%
Oregon
76.3%
Miami Florida
75%
Maryland
73.7%
Iona
59.2%
Texas A&M
59.2%
Little Rock
53.9%
Butler
50%
Iona
48.7%
Temple
39.5%
Northern Iowa
38.2%
Cincinnati
34.2%

You're not logged in!

Compare scores with friends on all Sporcle quizzes.
Join for Free
OR
Log In

You Might Also Like...

Show Comments

Extras

Top Quizzes Today


Score Distribution

Your Account Isn't Verified!

In order to create a playlist on Sporcle, you need to verify the email address you used during registration. Go to your Sporcle Settings to finish the process.

Report this User

Report this user for behavior that violates our Community Guidelines.

Details: